Cultura general #25 - Estadísticas

Estadísticas generales
  • Esta prueba ha sido intentada 3.594 veces
  • La puntuación promedio es 8 de 20
Estadísticas de respuestas
Pregunta Respuesta % Correcto
¿Cuál es el «país del Sol Naciente»? Japón
87%
¿En qué deporte tiene la selección argentina el apodo «los Pumas»? Rugby
63%
¿Qué pez es famoso por nadar hasta 1400 kilómetros río arriba para desovar en el mismo lugar donde nació? Salmón
63%
¿Cuál sería el primer país del mundo en orden alfabético? Afganistán
60%
¿Qué tortuga ninja utiliza unos nunchaku? Michelangelo
58%
¿En qué se convertirá un octagenario si vive 10 años más? Nonagenario
55%
Si sufres hipoxia, ¿qué le falta a tu cuerpo? Oxígeno
52%
¿Qué otro nombre, que proviene del latín, recibe el héroe Odiseo? Ulises
47%
¿Qué animal se cree que vio Marco Polo cuando describió a los unicornios como "apenas más pequeños que los elefantes"? Rinoceronte
45%
¿Qué filosofía suele simbolizarse con la letra A circulada? Anarquismo
43%
¿Cuál es la posición principal de Harry Potter en quidditch? Buscador
41%
¿Que animales colectivamente forman un cardumen? Peces
41%
¿Cómo se llamaba la República Democrática del Congo entre 1971 y 1997? Zaire
35%
¿A qué estado estadounidense pertenecen las islas Aleutianas? Alaska
34%
¿Qué palabra, que empieza con la f, proviene del griego y significa literalmente "amor por la humanidad"? Filantropía
33%
¿Qué banda de rock fue liderada por Gustavo Cerati? Soda Stereo
27%
¿Qué importante delta fluvial se ubica en el sur de Vietnam? Mekong
19%
¿En qué película de 2006 una mujer llamada Raimunda, interpretada por Penélope Cruz, enfrenta secretos familiares y fenómenos sobrenaturales? Volver
15%
¿Qué tipo de poema tiene exactamente 17 sílabas? Haiku
14%
¿Qué portero mexicano es conocido como «El Brody»? Jorge Campos
12%
No se encontraron pruebas coincidentes
Distribución de puntuación
Porcentaje de gente con cada puntuación
Porcentaje por número respondido
Historial de tus puntuaciones
No has intentado esta prueba.